MARC

Tag First Indicator Second Indicator Subfields
LEADER 00000cam a22000008a 4500
001 in00000007606
005 20151006050050.0
008 870309s1988 gau b s00110 eng
010 |a  87005930  
020 |a 0820309621 (alk. paper) 
035 |a (OCoLC)15421592 
035 |9 AAA2102AM 
040 |a DLC  |c DLC  |d m/c  |d TXA  |d UtOrBLW 
043 |a e-fr--- 
049 |a TXAM  |c [A12618060] 
050 0 0 |a PR3537.P5  |b T4 1988 
082 0 |a 828/.609  |2 19 
100 1 |a Temmer, Mark J. 
245 1 0 |a Samuel Johnson and three infidels :  |b Rousseau, Voltaire, Diderot /  |c Mark J. Temmer. 
263 |a 8710 
264 1 |a Athens :  |b University of Georgia Press,  |c [1988] 
264 4 |c ©1988 
300 |a 212 pages 
336 |a text  |b txt  |2 rdacontent 
337 |a unmediated  |b n  |2 rdamedia 
338 |a volume  |b nc  |2 rdacarrier 
504 |a Bibliography: pages [177]-205. 
500 |a Includes index. 
600 1 0 |a Johnson, Samuel,  |d 1709-1784  |x Philosophy. 
600 1 0 |a Johnson, Samuel,  |d 1709-1784  |x Criticism and interpretation. 
600 1 0 |a Rousseau, Jean-Jacques,  |d 1712-1778. 
600 1 0 |a Voltaire,  |d 1694-1778.  |t Candide. 
600 1 0 |a Diderot, Denis,  |d 1713-1784.  |t Neveu de Rameau. 
650 0 |a Philosophy in literature. 
650 0 |a Comparative literature  |x English and French. 
650 0 |a Comparative literature  |x French and English. 
650 0 |a French literature  |y 18th century  |x History and criticism. 
999 |a MARS 
999 f f |s b434d3a1-53fc-38e2-8a45-37c567d39717  |i 525a33c8-bcbc-3cc0-8a9c-6d3daee5e41b  |t 0 
952 f f |p normal  |a Texas A&M University  |b College Station  |c Sterling C. Evans Library  |d Evans: Library Stacks  |t 0  |e PR3537.P5 T4 1988  |h Library of Congress classification  |i unmediated -- volume  |m A14812618060 
998 f f |a PR3537.P5 T4 1988  |t 0  |l Evans: Library Stacks